000 00649nam a22001697a 4500
020 _qHard Cover.
082 _a200
100 _aSaleem, Faizan
245 _aTo determine the Overall Equipment Effectiveness of Tyre curing press and to investigate the causes of its reduction /
_cFaizan Saleem.
260 _aKarachi :
_bPNEC - NUST,
_c2015.
300 _ax, 56 p. : ill. ;
_c30cm.
650 _aMS-Industrial & Manufacturing Engineering
_9127273
700 _aSupervisor: Dr. Salman Nisar.
_9127283
856 _uhttp://10.250.8.41:8080/xmlui/handle/123456789/22378
942 _2ddc
_cSC
999 _c535464
_d535464